Recopilación de leyes, decretos, reglamentos y disposiciones de carácter jeneral del Ministerio de Guerra 1888-1893
Guardat en:
| Format: | Llibre |
|---|---|
| Idioma: | espanyol |
| Publicat: |
Santiago
Moneda
1895
|
| Matèries: | |
| Etiquetes: |
Afegir etiqueta
Sense etiquetes, Sigues el primer a etiquetar aquest registre!
|
MARC
| LEADER | 00000nam a2200000 a 4500 | ||
|---|---|---|---|
| 001 | UCR0585 | ||
| 003 | CL-VaPUC | ||
| 008 | 971205e18950000CL |||||||||||||||||spa|d | ||
| 082 | 0 | 4 | |a 348.026 |b REC |2 21 |
| 245 | 1 | 0 | |a Recopilación de leyes, decretos, reglamentos y disposiciones de carácter jeneral del Ministerio de Guerra 1888-1893 |
| 300 | |a 769 p | ||
| 942 | |c BK | ||
| 945 | |d 19971205 00:00:00 |a cmena | ||
| 260 | |a Santiago |b Moneda |c 1895 | ||
| 650 | 7 | |a LEGISLACION |2 CL-VaPUC |9 396438 | |
| 650 | 7 | |a DECRETOS |2 CL-VaPUC |9 309678 | |
| 650 | 0 | |a Derecho militar |9 255065 | |
| 650 | 7 | |a RENTAS |2 CL-VaPUC |9 324806 | |
| 650 | 7 | |a PENSIONES |2 CL-VaPUC |9 323807 | |
| 650 | 0 | |a Fuerzas Armadas |9 255504 | |
| 650 | 0 | |a Constituciones |9 255417 | |
| 651 | 7 | |a CHILE |2 CL-VaPUC |9 396439 | |
| 583 | |a last modification |c 19971205 00:00:00 |k Rodrigo Vera | ||
| 999 | |c 264084 |d 264082 | ||
| 952 | |0 0 |1 0 |2 ddc |4 0 |5 1 |6 348_026000000000000_REC_1895 |7 1 |8 C_LRYV |9 293687 |a FDOBRV |b BIBDER |d 2019-11-19 |i 1914073 |o 348.026 REC 1895 |p 1914073 |r 2023-01-25 |w 2019-11-19 |y BK_X |k BRV | ||